000 05838cam a22018014i 4500
003 PE-LiUPU
005 20250813165834.0
008 150706s2010 pe a r 000 0 spa d
020 _a9789972272356
035 _a(Sirsi) i9789972272356
040 _aPE-LiUPU
_bspa
_cPE-LiUPU
_erda
049 _aPRUA
082 0 4 _a657.8
_bA85pc
_221
100 1 _aAtaupillco Vera, V. Dante,
_eautor.
245 1 0 _aIFRS plan contable empresarial :
_bcostos-impuestos-finanzas-comentarios /
_cV. Dante Ataupillco Vera.
264 1 _aLima :
_bIvera Asociados,
_c2010.
300 _a(809 - 1728) páginas :
_bilustraciones ;
_c24 centímetros
300 _a02 CD-ROM
336 _atext
_2rdacontent
337 _aunmediated
_2rdamedia
338 _avolume
_2rdacarrier
505 0 _aElemento IV -- 40 tributos y aportes al sistema de pensiones y de salud por pagar -- 41 remuneraciones y participaciones por pagar -- 42 cuentas por pagar comerciales - terceros -- 43 cuentas por pagar comerciales - relacionadas -- 44 cuentas por pagar a los accionistas, directores y gerentes -- 45 obligaciones financieras -- 46 cuentas por pagar diversas - terceros -- 47 cuentas por pagar diversas - relacionadas -- 48 provisiones -- 49 pasivo diferido -- Elemento V -- 50 capital -- 51 acciones de inversión -- 52 capital adicional -- 56 resultados no realizados -- 57 excedente de reevaluación -- 58 reservas -- 59 resultados acumulados -- 60 compras -- 61 variación de existencias -- 62 gasto de personal, directores y gerentes -- 63 gastos de servicios prestados por terceros -- 64 gastos por tributos -- 65 otros gastos de gestión -- 66 pérdida por medición de activos no financieros al valor razonable -- 67 gastos financieros -- 68 valuación y deterioro de activos y provisiones -- 69 costo de ventas -- Elemento VII -- 70 ventas -- 71 variación de la producción almacenada -- 72 producción de activo inmovilizado -- 73 descuentos, rebajas y bonificaciones obtenidos -- 74 descuentos, rebajas y bonificaciones concedidos -- 75 otros ingresos de gestión -- 76 ganancia por medición de activos no financieros al valor razonable -- 77 ingresos financieros -- 78 cargas cubiertas por provisiones -- 79 cargas imputables a cuentas de costos y gastos -- Elemento VIII -- 80 margen comercial -- 81 producción del ejercicio -- 82 valor agregado -- 83 excedente bruto (insuficiencia bruta) de explotación -- 84 resultado de explotación -- 85 resultado antes de participaciones e impuestos -- 87 participaciones de los trabajadores -- 88 impuesto a la renta -- 89 determinacion del resultado del ejercicio -- Elemento IX -- Elemento 0 .
526 _aP203
526 _aP200
526 _aSEG65
526 _aSEG64
526 _aSEG63
526 _aSEG62
526 _aSEG61
526 _aSEG60
526 _aSEG59
526 _aSEG58
526 _aSEG57
526 _aSEG56
526 _aSEG55
526 _aSEG54
526 _aSEG53
526 _aSEG52
526 _aSEG51
526 _aSEG50
526 _aSEG49
526 _aSEG48
526 _aSEG47
526 _aSEG46
526 _aSEG24
526 _aSEG23
526 _aSEG22
526 _aSEG21
526 _aSEG20
526 _aSEG19
526 _aSEG18
526 _aSEG17
526 _aSEG16
526 _aSEG14
526 _aSEG13
526 _aSEG12
526 _aSEG11
526 _aSEG10
526 _aSEG09
526 _aSEG06
526 _aSEG05
526 _aSEG04
526 _aSEG03
526 _aSEG02
526 _aSEG68
526 _aSEG66
526 _aSEG45
526 _aSEG25
526 _aSEG01
526 _aP163
526 _aP162
526 _aP161
526 _aP160
526 _aP159
526 _aP158
526 _aP157
526 _aP156
526 _aP155
526 _aP154
526 _aP153
526 _aP152
526 _aP151
526 _aP150
526 _aP149
526 _aP142
526 _aP141
526 _aP140
526 _aP139
526 _aP138
526 _aP137
526 _aP132
526 _aP131
526 _aP130
526 _aP126
526 _aP125
526 _aP124
526 _aP123
526 _aP115
526 _aP122
526 _aP121
526 _aP116
526 _a P114
526 _aP112
526 _aP111
526 _aP104
526 _aP103
526 _aP102
526 _aP101
526 _aP100
526 _aP96
526 _aP95
526 _aP93
526 _aP92
526 _aP91
526 _aP88
526 _aP83
526 _aP82
526 _aP79
526 _aP78
526 _aP75
526 _aP74
526 _aP71
526 _aP69
526 _a P51
526 _aP49
526 _aP48
526 _aP47
526 _aP33
526 _aP31
526 _a P30
526 _aP29
526 _aP27
526 _aP26
526 _aP25
526 _aP24
526 _a P22
526 _aP10
526 _aP09
526 _a P08
526 _aP06
526 _aP05
526 _aP04
526 _aP01
541 _g0300010714;
650 0 4 _aContabilidad
_xContribuciones e impuestos
_zPerú.
650 0 4 _aContabilidad de costos
_zPerú
_vEstudio de casos.
910 _agl
_cjck
_d20111028
942 _2ddc
_cBOOK
949 _a657.8 A85PC 2
_wDEWEY
_c1
_i63936
_lCCODEBUL1
_mBUL
_p29.00
_r0
_sY
_tBOOK
_u2015-7-6
_xFCE
_PP08
_o.STAFF. Colección General
994 _aC0
_bPEPRU
596 _a1
999 _a657.8 A85 1
_wDEWEY
_c52786
_i63935
_d52786
_e2015-9-17
_f2021-11-5
_g5
_lCCODEBUL1
_mBUL
_n1
_p29.00
_q1
_r0
_sY
_tBOOK
_u2015-7-6
_xFCE
_PP08
_0COMPRA
_o.STAFF. Colección General
980 _81
_gALBERTO SANCHEZ Responsable de Automatización